[Event "Vidmar Memorial 13th"]
[Site "Portoroz"]
[Date "1999.06.19"]
[Round "6"]
[White "Beliavsky, Alexander G"]
[Black "Aronian, Levon"]
[Result "1/2-1/2"]
[WhiteElo "2650"]
[BlackElo "2502"]
[Annotator "Ribli,Z"]
[PlyCount "81"]
[EventDate "1999.06.??"]
[EventType "tourn"]
[EventRounds "10"]
[EventCountry "SLO"]
[EventCategory "14"]
[SourceTitle "CBM 072"]
[Source "ChessBase"]
[SourceDate "1999.10.01"]
[SourceVersion "1"]
[SourceVersionDate "1999.10.01"]
[SourceQuality "1"]

{[%mdl 36]} 1. d4 Nf6 2. c4 e6 3. g3 {Belivsky spielt gern die Katalanische
Eröffnung, die er nach 3...d5 4.Bg2 erreichen würde. Ribli.} Bb4+ {Schwarz
spielt die sogenannte Bogoindische Verteidigung. Er bekommt eine sehr feste
Stellung, aber Weiss erzielt Raumvorteil und eine kleine, aber dauerhafte
Initiative.} 4. Bd2 Qe7 5. Bg2 Nc6 6. e3 e5 7. d5 Bxd2+ (7... Nb8 8. Ne2 (8.
Nc3 Bxc3 9. Bxc3 d6 10. Qc2 O-O 11. Ne2 c6 12. O-O cxd5 13. cxd5 a5 14. Rfc1 b6
15. a3 Ba6 16. b4 Nbd7 17. Be1 Rfc8 18. Qb2 Bc4 {1/2-1/2 Steckner,J-Dizdar,G/
Hamburg 1992/EXT 97 (18)}) 8... Bxd2+ 9. Qxd2 a5 10. d6 Qxd6 11. Qxd6 cxd6 12.
Nbc3 Na6 13. O-O Ke7 14. Rfd1 Rb8 15. Nb5 {1/2-1/2 Nikolaidis,I-Loginov,V/
Budapest 1994/CBM 41 ext (25)}) 8. Qxd2 Nb8 9. Nc3 (9. d6 Qxd6 10. Qxd6 cxd6
11. Nc3 {Weiss hat klare Kompensation und Spiel gegen den Doppelbauern, aber
Schwarz kann seine Stellung halten.} Ke7 12. Nge2 Na6 13. O-O Nc7 14. Rac1 a6 (
14... Rb8 15. Nb5 Nxb5 16. cxb5 b6 17. Rc7 a6 18. Nc3 axb5 19. Nd5+ Nxd5 20.
Bxd5 b4 21. Ra7 b5 22. Rc1 Rd8 23. f3 Rb6 24. Kf2 Ba6 25. Rcc7 Ke8 26. e4 $44 {
1/2-1/2 Urban,K-Ovetchkin,R/Koszalin 1996/EXT 99 (53)}) 15. Na4 Rb8 16. Nb6 Na8
17. Nxa8 Rxa8 18. Nc3 {1/2-1/2 Dyachkov,S-Razuvaev,Y/Elista 1995/CBM 50 (27)})
9... d6 10. Nge2 $5 (10. h3 a5 11. Nge2 Na6 12. g4 Nd7 13. Ng3 Nb6 14. b3 g6
15. O-O-O Nc5 16. f4 a4 17. Kb2 Bd7 18. Nge4 Nxe4 19. Nxe4 f5 20. gxf5 Bxf5 21.
Nc3 O-O 22. Rhf1 exf4 23. Rxf4 g5 24. Rf2 Bg6 $15 {1/2-1/2 Flear,G-Adams,M/
Hastings9697 1997 (60)}) (10. e4 $5) 10... O-O (10... a5 11. Nb5 O-O 12. O-O
Ne8 13. f4 Nd7 14. f5 Nc5 15. Nbc3 Bd7 16. Ne4 Nxe4 17. Bxe4 Qg5 18. Nc3 Nf6
19. Rf2 {0-1 Shneider,A-Zubarev,A/Donetsk 1998/CBM 68_07 (59)}) 11. O-O $5 {
Beliavsky verbessert sein eigenes Spiel. Gegen Gipslis spielte er einen
agressiven Plan mit h3-g4. Die Partiefortsetzung führt zu ruhigem Spiel mit
traditionellem weissen Raumvorteil.} (11. h3 Ne8 $6 (11... c5 12. g4 Na6 {
/\ Nc7, a6}) 12. f4 exf4 $6 13. exf4 a5 14. O-O Na6 15. Nd4 Qd8 16. Rae1 Nf6
17. g4 $16 {1-0 Beliavsky,A-Gipslis,A/Parnu 1997/Inf 71/[Beliavsky,A] (31)})
11... a5 {Das ist eine typischer Zug in dieser Eröffnung. Schwarz bereitet das
Manöver ...Na6-c5 vor.} 12. f4 $14 {Weiss hat Raumvorteil und Initiative am
Königsflügel. Die schwarze Stellung ist zwar fest, aber Chancen auf aktives
Gegenspiel bieten sich dem Nachziehenden wenig.} Na6 13. h3 {[%cal Gg3g4]} h5
$5 {Schwarz hat keine Angst von der Schwächung seines Königsflügels. Meines
Erachtens ist der Partiezug gut und rechtzeitig, sonst kommt Weiss mit 14.g4.}
14. Rae1 {[%cal Ge1e7]} Nc5 {[%csl Gc5]} 15. Nc1 {[%cal Gc1d3,Gd3c5] Weiss
möchte den starken schwarzen c5-Springer tauschen.} (15. f5 Bd7 {Weiss hat
Raumvorteil, aber eine ähnliche Stellung haben wir auch in der Partie.}) 15...
Bd7 (15... e4 $13) 16. Nd3 (16. b3 $5 {Das ist ein anderer möglicher Plan.
Weiss möchte 17.a3, 18.b4 spielen und den c5-Springer vertreiben.}) (16. a3 $6
a4 $11 {[%csl Yb3,Gc5]}) 16... Nxd3 17. Qxd3 Rfe8 (17... e4 18. Qc2 Bf5 $11)
18. Qd1 Rab8 {Schwarz möchte 19...b5 mit Gegenspiel am Damenflügel spielen.} (
18... e4 $11) 19. a4 c5 $1 20. f5 {Der Damenflügel ist geschlossen und Weiss
hat so freie Hand am Königsflügel. Im folgenden plant er g3-g4 mit Raumgewinn
und Angriff am Königsflügel.} (20. dxc6 $6 bxc6 $13 {[%csl Gb8][%cal Rb8b2]
Der schwarze Turm steht ausgezeichnet auf b8.}) 20... g6 21. e4 (21. g4 hxg4
22. hxg4 g5 23. Kf2 Kg7 24. Rh1 Rh8 $11) 21... Kh7 (21... gxf5 $2 22. exf5 $16
{[%csl Rg8][%cal Rg3g4,Rd1d2,Rd2g5]}) 22. Bf3 Rh8 23. Re2 {[%cal Ge2g2]} (23.
g4 $6 Rbg8 $132) 23... Rbg8 (23... gxf5 24. exf5 Rbg8 25. Kh2 Bxf5 26. Be4 Bg6
$13) 24. Kh2 (24. Rg2 gxf5 25. exf5 Bxf5 {[%cal Rf5h3,Rh3f1]} 26. Be4 Bxe4 27.
Nxe4 Nxe4 28. Qd3 $13) 24... g5 $11 {[%cal Gg5g4] Die Stellung ist geschlossen
und Weiss kann trotz seines Raumvorteils nicht durchbrechen.} 25. Bg2 Qd8 {
Eine guter Verteidigungszug. Schwarz verhindert das Manöver Qb3-b6.} (25... g4
26. h4 $11) 26. Qb3 Qc7 27. Nb1 (27. Nb5 Bxb5 28. axb5 b6 $11 {Es ist schwer
vorstellbar, dass einer der Spieler in dieser geschlossenen Stellung noch
Fortschritte erzielen kann.}) 27... Kg7 {[%cal Gg7f8,Gf8e7]} 28. Nd2 Kf8 29.
Ra1 Ke7 {[%csl Ge7] Der schwarze König steht sicher auf e7.} 30. Ra3 g4 (30...
h4 31. g4 $11) 31. h4 Ra8 32. Qc3 Rhb8 33. Nb3 Rh8 (33... b6 $11) 34. Nc1 Ra6
35. Nd3 {[%csl Gd3][%cal Gd3e5]} Ne8 {Das ist ein typischer Manöverkampf. Es
gibt keine konkreten Varianten, beide Spieler verbessern ihre Figurenstellung.}
36. Ra1 f6 {Jetzt ist der Punkt e5 völlig abgesichert.} 37. Bf1 Ra8 38. Rf2 Kf7
39. Be2 {[%cal Ge2g4]} Qd8 40. Qb3 b6 41. Qd1 1/2-1/2

[Event "Linares 13th"]
[Site "Linares"]
[Date "1995.03.01"]
[Round "1"]
[White "Lautier, Joel"]
[Black "Sokolov, Ivan"]
[Result "1-0"]
[WhiteElo "2655"]
[BlackElo "2645"]
[Annotator "Stohl,I"]
[PlyCount "79"]
[EventDate "1995.03.01"]
[EventType "tourn"]
[EventRounds "13"]
[EventCountry "ESP"]
[EventCategory "17"]
[SourceTitle "CBM 046"]
[Source "ChessBase"]
[SourceDate "1995.06.01"]
[SourceVersion "1"]
[SourceVersionDate "1995.06.01"]
[SourceQuality "1"]

1. d4 Nf6 2. c4 e6 3. g3 Bb4+ (3... Be7 4. Bg2 O-O $6 (4... d5 {-E1}) 5. e4 d6
6. Nc3 e5 7. Nge2 Nc6 8. O-O Bg4 9. f3 Bh5 10. Be3 Re8 11. d5 Nb8 12. Qd2 Nbd7
13. h3 Bg6 14. f4 exf4 15. gxf4 h6 16. Rae1 Bf8 17. Ng3 a6 18. b3 $16 {(),
Akesson,R-Garcia,Alv/Groningen op/1994/}) 4. Bd2 Be7 5. Bg2 O-O (5... d5 6. Bc3
(6. Nf3 O-O 7. O-O c6 8. Qc2 {-E11}) 6... O-O 7. Nd2 c5 8. Ngf3 cxd4 9. Bxd4
Nc6 10. cxd5 Nxd5 11. O-O Nf4 $6 12. gxf4 Nxd4 13. Nxd4 Qxd4 14. e3 Qxb2 15.
Nc4 Qb4 16. Qc2 Bd7 17. Rfb1 Qc5 18. Rxb7 Rad8 19. Rc1 $36 {Seirawan,Y-Browne,
W/Long Beach US-ch/1989/}) 6. Nf3 c5 $5 7. dxc5 (7. O-O Nc6 8. Bc3 $5 (8. dxc5
{-7.dc5}) 8... Ne4 9. d5 Nxc3 10. Nxc3 $14 {()}) 7... Bxc5 8. O-O Nc6 9. Nc3 h6
$6 $146 (9... d5 $142 10. cxd5 exd5 11. Bg5 d4 {-D34}) (9... Be7 10. Rc1 d6 11.
e4 Bd7 12. Qc2 Qb8 13. Rfd1 Rd8 14. Bf4 Nh5 15. Be3 Be8 16. Nd2 Nf6 17. Nb3 Nd7
18. f4 Nc5 19. Qf2 Nb4 $5 $132 {Zaltsman,V-Rind,B/Lone Pine/1980/}) 10. Bf4 $14
{><d6} d6 (10... d5 11. cxd5 exd5 12. Ne5 $14) 11. Na4 $1 e5 $8 12. Nxc5 (12.
Bxe5 $6 Bxf2+ 13. Rxf2 dxe5 $10) 12... exf4 13. Nb3 $5 (13. Nd3 fxg3 14. hxg3
d5 15. c5 d4 $132) 13... fxg3 14. hxg3 Be6 15. Rc1 Qd7 (15... d5 16. c5 $16 {
/\Nbd4,><d5}) (15... Rc8 $5 {/\Ne5,Nb4,<=><->c}) 16. Qd2 Bh3 17. Rfd1 Bxg2 18.
Kxg2 Rad8 19. Nbd4 Rfe8 (19... d5 20. c5 Ne4 21. Qf4 $16) 20. Nb5 Ne4 21. Qc2
Qg4 $2 (21... Qe7 $5 $14) (21... a6 22. Nbd4 (22. Nxd6 Nxd6 23. c5 Qe7 $10)
22... Nxd4 23. Rxd4 Qe6 $14) 22. Rh1 Rc8 (22... a6 23. Nc7 $16) 23. Rh4 Qg6 24.
Rxe4 $1 Rxe4 (24... Qxe4 25. Qxe4 Rxe4 26. Nxd6 $16) 25. Nxd6 Qxd6 26. Qxe4 {
+/-/+-} Rd8 27. Rc3 $1 {/\Rd3} Qf6 28. Rb3 Rb8 (28... b6 29. Rb5 {/\Rf5}) (
28... Rd7 $2 29. Qe8+) 29. Rb5 g6 30. e3 {/\Nd4[+]} a6 31. Rb6 Qd8 32. c5 $18 {
><b7,>>} Qf8 33. b4 Re8 34. Qf4 Nd8 (34... Re7 35. Nd4 $18) 35. Nd4 h5 36. Qf6
Re7 37. Rd6 $22 {/\a4,b5,c6} Qe8 (37... Re8 38. Rd7 $18) 38. Nf5 $1 gxf5 $8 39.
Qg5+ Kf8 (39... Kh7 40. Rh6#) 40. Rh6 (40. Rh6 f6 $8 41. Qxf6+ {/\Rh8#}) 1-0

[Event "Bergamo ACP Golden Classic"]
[Site "Bergamo"]
[Date "2014.07.18"]
[Round "6"]
[White "Vocaturo, Daniele"]
[Black "Sutovsky, Emil"]
[Result "0-1"]
[WhiteElo "2584"]
[BlackElo "2620"]
[Annotator "Sutovsky,E"]
[PlyCount "54"]
[EventDate "2014.07.12"]
[EventType "tourn"]
[EventRounds "7"]
[EventCountry "ITA"]
[EventCategory "17"]
[SourceTitle "CBM 162"]
[Source "ChessBase"]
[SourceDate "2014.09.17"]
[SourceVersion "1"]
[SourceVersionDate "2014.09.17"]
[SourceQuality "1"]

{It was pretty curious feeling facing Daniele Vocaturo, a talented Italian
player, whom I had the pleasure to prepare for a tournament in Wijk-aan-zee
few years ago. Daniele managed to win that tournament (it was Wijk "C", but
probably, the strongest "C" tournament ever with many prominent players), and
I was delighted, that our work didn't go in vain. Flash-forward to 2014,
Daniele, native 1.e4-player has switched almost completely to 1.d4, but his
experience with it is still quite limited, hence I decided to opt for a rather
rare line, which I employed in my youth - according to my plan, experience was
supposed to tell...} 1. d4 e6 2. c4 Bb4+ 3. Bd2 Qe7 4. g3 (4. e4 {is tempting,
but after} Nf6 5. e5 (5. Bd3 Bxd2+ 6. Qxd2 d6 7. Nc3 (7. f4 e5) 7... e5 8. Nge2
Nc6 9. d5 Nb4 $11) 5... Ne4 {Black is OK.}) 4... Nf6 5. Bg2 Nc6 6. e3 {An
original setup, but not the one which is supposed to create many problems for
Black.} e5 7. d5 Bxd2+ (7... Nb8 {was another option, but after} 8. Nc3 {
Black will have to take on c3 at some point. Not a big deal in this position,
but I preferred not to provide Daniele with the bishop pair.}) 8. Qxd2 Nb8 9.
Nc3 {Now Black is absolutely fine.} ({Computers are excited about} 9. d6 {
but I don't see, what's wrong with Black's position after} cxd6 (9... Qxd6 10.
Qxd6 cxd6 11. Nc3 Na6 {also looks OK to me.}) 10. Nc3 d5 11. Nxd5 Nxd5 12. Bxd5
(12. Qxd5 Nc6) 12... d6 13. Ne2 Nd7 {Still, it was the better option for White,
compared to the game continuation.}) 9... d6 10. Nge2 Nbd7 11. e4 a5 {I
considered 11...h5 for a while, but I wasn't sure what to do if White opted
for a plan with long castling. The move in the text is as good as 11...h5, but
has the advantage of being more sober - not quite a typical choice for me :)}
12. Na4 O-O 13. Nec3 Nc5 $1 {Not such a great move per se, but here I managed
to foresee how the game would go on, and to evaluate correctly that White's
aggression on the kingside doesn't really get anywhere.} 14. O-O Bd7 15. Nxc5 (
15. Qc2 Nxa4 16. Nxa4 h5 $5 {is just good for Black.}) 15... dxc5 16. Nd1 $6 {
Natural, but not the best. White had to lock the queenside first!} ({After} 16.
a4 $1 Ne8 17. b3 Nd6 18. Rae1 g6 19. f4 f6 {the tension in the centre can't be
released in anyone's favour and the position remains equal}) 16... a4 $1 17.
Ne3 Ne8 18. f4 Nd6 {Here I already felt that my chances are better. Black has
a clear plan on the queenside, whereas it is not clear what White can achieve
on the kingside.} 19. f5 b5 (19... f6 {was another option, but I was a bit
worried that White would regroup and start protecting his queenside, with
something like 20.Qc3... So, I opted for immediate action!}) 20. cxb5 Rfb8 21.
f6 (21. Rfc1 {was a better way to continue. Black is doing well after both 21..
.Rb5 and 21...Nb5, but White is quite solid. However, Daniele, faithful to his
style is looking for blood!}) 21... gxf6 22. Rf2 Rxb5 23. Raf1 Rab8 24. Rxf6 $2
{A really bad mistake. Whie had to choose between} (24. Qc1 f5 25. exf5 f6 {and
}) (24. Qc3 R8b6 $1 {in both cases Black's position is preferable, but of
course, there is a lot of play ahead.}) 24... Rxb2 25. Qc1 {This simply loses.}
({However after} 25. Qc3 Rxa2 26. Qxc5 Qd8 $1 {Black is also winning, as there
is no good defence against ...Rxg2, followed by ...Nxe4}) 25... Rb1 $1 {
White missed it, but frankly speaking, even after the simple 25...Rxa2 he
would have been in big trouble.} 26. Qc2 R8b2 27. Qd3 Qxf6 {A rather premature
end to the game. Black's strategy has prevailed. It all started with the tiny
a5-a4 move. As for White, his play was too direct, and as I've learnt myself,
that can end badly... Well, I am not sure I have learnt it as I still keep
getting these lessons! There is nothing one can do about it - Chess is Life.
And you keep getting life lessons throughout your whole life...} 0-1

[Event "Bermuda op"]
[Site "Paget Parish"]
[Date "2001.02.03"]
[Round "3"]
[White "Tyomkin, Dimitri"]
[Black "Teplitsky, Yan"]
[Result "1/2-1/2"]
[WhiteElo "2500"]
[BlackElo "2440"]
[Annotator "Tyomkin,D"]
[PlyCount "70"]
[EventDate "2001.02.??"]
[EventType "swiss"]
[EventRounds "5"]
[EventCountry "BER"]
[SourceTitle "CBM 081"]
[Source "ChessBase"]
[SourceDate "2001.03.20"]
[SourceVersion "1"]
[SourceVersionDate "2001.03.20"]
[SourceQuality "1"]

1. d4 Nf6 2. c4 e6 3. Bg5 {Very original variation.} h6 4. Bh4 c5 5. d5 exd5 $5
$146 (5... d6 $5 6. Nc3 Be7 7. Nf3 O-O 8. Bg3 (8. dxe6 Bxe6 9. e3 $11) 8...
exd5 9. cxd5 Nh5 10. e3 Nd7 11. Be2 Re8 12. Nd2 Nxg3 13. hxg3 Bf8 14. Nc4 g6
$11 {0-1 Golod,V-Anastasian,A/Ubeda ESP 2001/The Week in Chess 326 (42)}) 6.
cxd5 d6 7. Nc3 Be7 {The structure is very semilar to Benoni. White has to
watch out for the Nxd5 blow.} 8. Nf3 O-O 9. e3 {Black has got nice position
from the opening- white does not achieve any opening advantage.} Bf5 {Probably,
not the best answer for black.} (9... Bg4 10. Be2 Nbd7 $11) (9... Nbd7 10. Be2
$14) (9... a6 $142 $5 10. Be2 (10. a4 $140 Nxd5 $1) 10... b5 11. O-O Bb7 {xd5})
10. Bd3 Bxd3 11. Qxd3 $14 {/=} Na6 {[%cal Ga6b4,Yb4d5]} 12. a3 (12. O-O Nb4 13.
Qd2 Nbxd5 14. Nxd5 Nxd5 15. Qxd5 Bxh4 16. Nxh4 (16. Rfd1 Bf6 $1 17. Qxb7 Rb8
18. Qxa7 Rxb2 $15) 16... Qxh4 17. Qxb7 (17. Qxd6 b6 $11) 17... Qf6 $1 18. b3 a5
$11) 12... Nc7 (12... Rc8 13. O-O c4 14. Qd4 $14) 13. Bg3 {Preventing the
capture on d5.} Nh5 14. O-O Re8 (14... f5 15. Ne2 $1 $14) 15. Rab1 $1 {/\b4}
Rc8 16. b4 cxb4 17. axb4 Na6 {As my opponent pointed out after the game, the
transfer of the knight to b6 could give black equal play.} (17... Na8 $5 {/\Nb6
} 18. Rfc1 Nxg3 19. hxg3 Nb6 20. Ne2 Qd7 $11) 18. Nd4 (18. Ne4 Qb6 19. Qd4 Qxd4
20. Nxd4 Nxg3 21. hxg3 Bf8 $11) 18... Nxg3 19. hxg3 Bf6 20. Ne4 {Now whie has
recieved some activity.} (20. Ncb5 Qb6 21. Nf5 Red8 $11) 20... Bxd4 21. Qxd4
Qe7 (21... Nc7 22. b5 $1 $14) 22. Nd2 Qe5 23. Qxa7 Qxd5 24. Nf3 {White looks
clearly better here because of better pawn structure, but unfortunately black
has enough resources here to save the game.} Rc4 25. Rfd1 Qb5 26. Nd4 (26. Rxd6
Rxb4 $11) 26... Qd7 27. Qb6 Qc7 28. Qxc7 Nxc7 29. b5 (29. Nf5 Nb5 30. Nxd6 Nxd6
31. Rxd6 Rc2 $1 {/\Ra8-a2, xf2 The defensive plan is to double rooks over 2nd
rank, and then to trade b-pawns.} 32. Rd7 Ra8 33. Rxb7 Raa2 34. Rf1 Rab2 $14)
29... Ra8 $1 {Suddenly black gets a counteplay over the 2nd rank.} 30. Nf5 Ra2
31. Nxd6 Rcc2 32. Rf1 Nd5 {[%cal Rd5e3] /\Nxe3} 33. Rb3 b6 34. Nf5 Rab2 35. Rd3
Nc3 {Here I had less than 1min on my clock, and I even couldn't find any
reasonable move, so the best I found to do is to offer the draw, which was
immediatly accepted.} (35... Rxb5 $2 36. Rxd5) (35... Nc3 36. Nd4 Ne2+ $11)
1/2-1/2